Regionálne porovnania v Slovenskej republike 1999
Gespeichert in:
| Format: | Buch |
|---|---|
| Sprache: | Slowakisch Englisch |
| Veröffentlicht: |
Bratislava
Štatistický úrad Slovenskej republiky
2000
|
| Schlagworte: | |
| Tags: |
Keine Tags, Fügen Sie das erste Tag hinzu!
|
MARC
| LEADER | 00000nam a2200000 4500 | ||
|---|---|---|---|
| 001 | c123514 | ||
| 005 | 20251209124204.2 | ||
| 041 | 0 | |a slo | |
| 041 | 0 | |a eng | |
| 044 | |a SK | ||
| 245 | 1 | 0 | |a Regionálne porovnania v Slovenskej republike 1999 |
| 264 | 1 | |a Bratislava |b Štatistický úrad Slovenskej republiky |c 2000 | |
| 300 | |a 137 s. | ||
| 610 | 2 | 0 | |a Slovensko |
| 610 | 2 | 0 | |a regióny |
| 610 | 2 | 0 | |a zamestnanosť |
| 610 | 2 | 0 | |a lesníctvo |
| 610 | 2 | 0 | |a výstavba bytová |
| 610 | 2 | 0 | |a priemysel |
| 610 | 2 | 0 | |a stavebníctvo |
| 610 | 2 | 0 | |a vodohospodárstvo |
| 610 | 2 | 0 | |a poľnohospodárstvo |
| 610 | 2 | 0 | |a prostredie životné |
| 610 | 2 | 0 | |a školstvo |
| 610 | 2 | 0 | |a obyvateľstvo |
| 610 | 2 | 0 | |a produkt domáci hrubý |
| 610 | 2 | 0 | |a tržby |
| 610 | 2 | 0 | |a obchod vnútorný |
| 610 | 2 | 0 | |a doprava |
| 610 | 2 | 0 | |a spoje |
| 610 | 2 | 0 | |a zdravotníctvo |
| 610 | 2 | 0 | |a zabezpečenie sociálne |
| 610 | 2 | 0 | |a kultúra |
| 610 | 2 | 0 | |a organizácie |